| 000 | 01212nam a22002537a 4500 | ||
|---|---|---|---|
| 005 | 20110127111440.0 | ||
| 008 | 110127t xxu||||| |||| 00| 0 hin d | ||
| 010 | _aHIN-91641 | ||
| 020 |
_a9788187482994 _c150.00 |
||
| 035 | _aHN-63987 | ||
| 037 | _bDBAD / PUB | ||
| 040 |
_aDPL _bHN |
||
| 082 | _a080 | ||
| 100 |
_925632 _aनन्दकिशोर आचार्य |
||
| 245 |
_aमानवाधिकार की संस्कृति / _cनन्दकिशोर आचार्य |
||
| 246 |
_aManavadhikar ki Samskriti _bby Nand Kishore Acharya |
||
| 260 |
_aबीकानेर _bवाग्देवी प्रकाशन _c2010 |
||
| 270 |
_aविनायक शिखर, पॉलिटेक्निक कॉलेज के पास _bबीकानेर _e334003 _k0151- 2242023 _mvagdevibooks@gmail.com |
||
| 300 |
_a117पृ. _c22सेमी (सजिल्द) |
||
| 650 |
_9657 _aहिन्दी निबंध |
||
| 700 | _925634 | ||
| 942 |
_2ddc _cHN _h080 _mनन्दकि |
||
| 999 |
_c50135 _d50135 |
||